Migration, citizenship, and development:diasporic membership policies and overseas Indians in the United States (Record no. 443400)

000 -LEADER
fixed length control field 00587cam a22001577a 4500
008 - FIXED-LENGTH DATA ELEMENTS--GENERAL INFORMATION
fixed length control field 180718b2013 xxu||||| |||| 00| 0 eng d
020 ## - INTERNATIONAL STANDARD BOOK NUMBER
International Standard Book Number 0198084986
082 ## - DEWEY DECIMAL CLASSIFICATION NUMBER
Classification number B122x54 N223
100 ## - MAIN ENTRY--PERSONAL NAME
Personal name Naujoks, Daniel
245 ## - TITLE STATEMENT
Title Migration, citizenship, and development:diasporic membership policies and overseas Indians in the United States
Statement of responsibility, etc. by Daniel Naujoks
260 ## - PUBLICATION, DISTRIBUTION, ETC.
Place of publication, distribution, etc. New Delhi
Name of publisher, distributor, etc. Oxford
Date of publication, distribution, etc. 2013
300 ## - PHYSICAL DESCRIPTION
Extent 451p.
650 ## - SUBJECT ADDED ENTRY--TOPICAL TERM
Topical term or geographic name entry element United States --Emigration and immigration --Government policy
650 ## - SUBJECT ADDED ENTRY--TOPICAL TERM
Topical term or geographic name entry element Citizenship --India
650 ## - SUBJECT ADDED ENTRY--TOPICAL TERM
Topical term or geographic name entry element East Indians --Political activity --United States
Holdings
Withdrawn status Lost status Damaged status Not for loan Permanent Location Current Location Date acquired Full call number Barcode Date last seen Price effective from Koha item type
        Indian Institute of Public Administration Indian Institute of Public Administration 2013-10-21 B122x54 N223 85313 2018-07-21 2018-07-21 Book

Powered by Koha